Minerals and waste planning research (Record no. 72005)
[ view plain ]
| 000 -LEADER | |
|---|---|
| fixed length control field | 01003cam a2200217 4500 |
| 001 - CONTROL NUMBER | |
| control field | WB3904-16 |
| 008 - FIXED-LENGTH DATA ELEMENTS--GENERAL INFORMATION | |
| fixed length control field | 030130n2003 000 0 eng u |
| 035 ## - SYSTEM CONTROL NUMBER | |
| System control number | (Sirsi) u121178 |
| 245 ## - TITLE STATEMENT | |
| Title | Minerals and waste planning research |
| 260 ## - PUBLICATION, DISTRIBUTION, ETC. | |
| Date of publication, distribution, etc. | 2003 |
| 490 ## - SERIES STATEMENT | |
| Series statement | ODPM Progress on Minerals and Waste Planning Research |
| Volume/sequential designation | December 2002, (3) |
| 520 ## - SUMMARY, ETC. | |
| Summary, etc. | ODPM has published its latest progress report on minerals and waste planning research including current research, approved projects in preparation and a list of all projects completed since 1998. Covers mineral resources and supply, mineral workings and dredging, recycled and secondary aggregates, waste management planning and minerals planning. It is available at http://www.planning.odpm.gov.uk/pmwpr02/index.htm |
| 590 ## - LOCAL NOTE (RLIN) | |
| Local note | WB |
| 650 ## - SUBJECT ADDED ENTRY--TOPICAL TERM | |
| Topical term or geographic name entry element | WASTE PLANNING |
| 650 ## - SUBJECT ADDED ENTRY--TOPICAL TERM | |
| Topical term or geographic name entry element | MINERAL WORKINGS |
| 650 ## - SUBJECT ADDED ENTRY--TOPICAL TERM | |
| Topical term or geographic name entry element | SECONDARY AGGREGATES |
| 650 ## - SUBJECT ADDED ENTRY--TOPICAL TERM | |
| Topical term or geographic name entry element | RECYCLED AGGREGATES |
| 650 ## - SUBJECT ADDED ENTRY--TOPICAL TERM | |
| Topical term or geographic name entry element | MINERAL RESOURCES |
| 690 ## - LOCAL SUBJECT ADDED ENTRY--TOPICAL TERM (OCLC, RLIN) | |
| Topical term or geographic name as entry element | MINING AND MINERALS |
| 942 ## - ADDED ENTRY ELEMENTS (KOHA) | |
| Suppress in OPAC | 0 |
| Withdrawn status | Lost status | Source of classification or shelving scheme | Damaged status | Not for loan | Home library | Current library | Shelving location | Date acquired | Total Checkouts | Full call number | Barcode | Date last seen | Copy number | Price effective from | Koha item type |
|---|---|---|---|---|---|---|---|---|---|---|---|---|---|---|---|
| Dewey Decimal Classification | London | London | News article | 30/01/2003 | WB3904-16 | 121178-1001 | 06/08/2019 | 1 | 06/08/2019 | News article |